Biblioteca

Atención pastoral a los divorciados y a los casados inválidamente (Registro nro. 69678)

Detalles MARC
000 -LÍDER
Campo fijo de descripción fija 01505nab a2200229 i 4500
001 - NÚMERO DE CONTROL
Campo de control 768714001
003 - IDENTIFICADOR DEL NÚMERO DE CONTROL
Campo de control CO-MdFUSB
005 - FECHA Y HORA DE LA ULTIMA TRANSACCIÓN
control field 20240514112930.0
008 - ELEMENTOS DE LONGITUD FIJA -- INFORMACIÓN GENERAL
Campo fijo de descripción fija -- Información general 240510t1970 sp ||||| |||| 00| 0 spa d
040 ## - FUENTE DE CATALOGACIÓN
Idioma de catalogación spa
Agencia que realiza la transcripción CO-MdFUSB
Agencia que realiza la modificación CO-MdFUSB
041 ## - CÓDIGO DE IDIOMA
Código de idioma para texto/pista de sonido o título separado spa
100 ## - ASIENTO PRINCIPAL--NOMBRE PERSONAL
Nombre personal Häring, Bernhard,
Término relacionador autor
245 ## - TÍTULO
Título Atención pastoral a los divorciados y a los casados inválidamente
Mención de responsabilidad / Bernhard Häring
520 ## - NOTA DE RESUMEN, ETC.
Nota de sumario, etc. La atención pastoral a los casados inválidamente no debe entenderse en el sentido estricto de llevarlos a los sacramentos. Lo primero es promover la vida religiosa, fortalecer la fe en Dios y el amor cristiano. No se trata sólo de fortalecer su matrimonio, sino también de reconocer el amor que puede acercarlos a Dios. Al confesar su falta de matrimonio, instan a otros a evitar el divorcio o el matrimnio posterior. Pueden dar un buen ejemplo educando bien a sus hijos. Pueden participar activamente en las actividades caritativas y de apostolado de la iglesia. Impulsado por la humildad, un celoso ministerio pastoral no discrimina a nadie y anima a todos los creyentes a tener la misma actitud.
650 #2 - ASIENTO SECUNDARIO DE MATERIA - TERMINO TEMÁTICO
Término temático o nombre geográfico como elemento de entrada Conciencia (Moral)
9 (RLIN) 927
650 #7 - ASIENTO SECUNDARIO DE MATERIA - TERMINO TEMÁTICO
Término temático o nombre geográfico como elemento de entrada Matrimonio
9 (RLIN) 300
650 #0 - ASIENTO SECUNDARIO DE MATERIA - TERMINO TEMÁTICO
Término temático o nombre geográfico como elemento de entrada Divorcio
9 (RLIN) 786
653 ## - TÉRMINO DE INDIZACIÓN - NO CONTROLADO
Término no controlado Matrimonio como institución
773 0# - ASIENTO DE ITEM FUENTE
Biblionumber 49450
Itemnumber 82618
Otro identificador del ítem R2545
Título Revista internacional de teología Concilium
Número de control del registro (CO-MdFUSB)8
Número Internacional Normalizado para Publicaciones Seriadas (ISSN) 0210-1041
Parte(s) relacionada(s) / Volumen., número. (mes año), páginas Número 55, (mayo, 1970), páginas: 283 - 291
Enumeración y primera página página: 283
942 ## - TIPO DE MATERIAL (KOHA)
Tipo de Item KOHA Artículos de Revista
945 ## - INFORMACIÓN LOCAL DEL REGISTRO
Catalogador Catherine Arias Alvarez - Practicante SENA

No hay ítems disponibles.

Biblioteca FUSBC | Teléfono: (57+4) 349 88 10 Ext. 141| WhatsApp (+57) 3005338115 
E-mail: biblioteca@unisbc.edu.co | Calle 76 87-14 Robledo Palenque, Medellín, Colombia

Con tecnología Koha